| 000 | 00369nam a22001217a 4500 | ||
|---|---|---|---|
| 020 | _a0851998305 | ||
| 082 |
_a338.4791091724 _bTOU |
||
| 245 |
_aTourism and the Less Developed World : _bissues and case studies / _cEdited by David Harrison |
||
| 260 |
_aOxfordshire , U.K : _bCABI Publishing, _c2001. |
||
| 300 |
_a272 p. ; _c25 cm. |
||
| 563 | _aPBK. | ||
| 942 |
_2ddc _cBK |
||
| 999 |
_c590374 _d590374 |
||